000 00420nam a22001697a 4500
003 OSt
008 250221b |||||||| |||| 00| 0 eng d
041 _aeng
100 _aEweis, Juana B
_97202
245 _aBioremediation Principles
250 _aFirst
260 _bMc Graw Hill,
_c1998.
700 _aErgas, Sarina J
_97203
700 _aChang, Daniel PY
_97204
700 _aSchreeder, Edward D
_97205
942 _cBK
999 _c19424
_d19424